[Event "Challenge"]
[Site "http://www.queenalice.com/game.php?id=381097"]
[Date "2008.4.2"]
[Round "-"]
[White "a13tc38920"]
[Black "A13TC45869"]
[Result "1/2-1/2"]
[WhiteElo "1615"]
[BlackElo "1100"]

1. d4 d5 2. c4 Nf6 3. Nc3 c6 4. cxd5 Nxd5 5. e4 Nxc3 6. bxc3 e5 7. Nf3 Bg4 8.
Be2 Bxf3 9. Bxf3 Nd7 10. O-O f6 11. Qb3 Qc7 12. Qe6+ Be7 13. Ba3 Nf8 14. Qxe7+
Qxe7 15. Bxe7 Kxe7 16. Rab1 b5 17. d5 Kd7 18. Rfd1 c5 19. Rxb5 Kd6 20. c4 Nd7
21. Rdb1 Rab8 22. Rxb8 Rxb8 23. Rxb8 Nxb8 24. Bg4 Na6 25. a3 Nc7 26. Bc8 a5 27.
Kf1 Ne8 28. Ke2 Kc7 29. Be6 Nd6 30. Kd3 a4 31. Bg4 Kb6 32. Bd1 Ka5 33. g4 g5 34.
Be2 h6 35. Ke3 Nf7 36. Kf3 Nd6 37. Bd3 Nb7 38. Ke2 Nd6 39. h3 Nf7 1/2-1/2

[Event "Challenge"]
[Site "http://www.queenalice.com/game.php?id=381099"]
[Date "2008.4.2"]
[Round "-"]
[White "A13TC45869"]
[Black "a13tc38920"]
[Result "0-1"]
[WhiteElo "1100"]
[BlackElo "1596"]

1. d4 c6 2. Nf3 d5 3. c3 Nf6 4. Bg5 e6 5. Bxf6 Qxf6 6. e3 Bd6 7. Nbd2 O-O 8. c4
c5 9. b3 Nc6 10. dxc5 Bxc5 11. Be2 dxc4 12. Ne4 Bb4+ 13. Nfd2 Bxd2+ 14. Nxd2 c3
15. Ne4 Qe5 16. Bd3 b5 17. Rc1 b4 18. f4 Qa5 19. Ra1 Qb6 20. Qf3 Bb7 21. O-O
Rad8 22. Rfd1 Ne7 23. Qh3 Nf5 24. Kf2 h6 25. g4 Ne7 26. Bc2 Bxe4 27. Bxe4 Nd5
28. g5 Nxf4 29. Qf3 Ng6 30. gxh6 Rd2+ 31. Kg3 Qc7+ 32. Kh3 Qxh2+ 33. Kg4 Qh4#
0-1

[Event "Challenge"]
[Site "http://www.queenalice.com/game.php?id=407764"]
[Date "2008.5.24"]
[Round "-"]
[White "guizani"]
[Black "A13TC45869"]
[Result "0-1"]
[WhiteElo "1390"]
[BlackElo "1100"]

1. c3 d5 2. Qb3 Nf6 3. e3 e5 4. Nf3 Nc6 5. c4 Be6 6. Qxb7 Nb4 7. Nxe5 Nc2+ 8.
Kd1 Nxa1 9. a3 Qc8 10. Qc6+ Bd7 11. Nxd7 Nxd7 12. cxd5 Bd6 13. f4 Nb3 14. Qb5
Nxc1 15. Kxc1 O-O 16. Bd3 a6 17. Qc6 Nf6 18. e4 Ng4 19. Rf1 Nxh2 20. Rh1 Bxf4
21. g3 Bxg3 22. Rg1 Bf4 23. Rf1 Bd6 24. Rg1 Nf3 25. Rg3 Bxg3 26. Nc3 Ne5 27. Qc5
Nxd3+ 28. Kc2 Nxc5 29. b4 Nb7 30. Ne2 Be5 31. d4 Bh2 32. e5 c6 33. d6 f6 34. e6
Qxe6 35. d5 Qxd6 36. dxc6 Qxc6+ 37. Kb3 Rac8 38. Nd4 Qd5+ 0-1

[Event "Challenge"]
[Site "http://www.queenalice.com/game.php?id=416401"]
[Date "2008.6.12"]
[Round "-"]
[White "A13TC45869"]
[Black "thefonz"]
[Result "0-1"]
[WhiteElo "1357"]
[BlackElo "1860"]

1. Nf3 d5 2. g3 e6 3. d4 Nf6 4. Bg5 Be7 5. Nbd2 h6 6. Bxf6 Bxf6 7. Ne5 Nc6 8.
Nxc6 bxc6 9. e3 O-O 10. f4 Rb8 11. b3 Qd6 12. c3 c5 13. Qc2 cxd4 14. cxd4 Ba6
15. O-O-O Bxf1 16. Rdxf1 Rfc8 17. Kb1 c5 18. Rc1 cxd4 19. Qxc8+ Rxc8 20. Rxc8+
Kh7 21. exd4 Bxd4 22. Rd1 Qa6 23. Rc2 Qe2 24. Kc1 Be3 25. Rh1 Qg2 26. Re1 Bf2
27. Nf1 d4 28. Rd1 Qf3 29. Rc7 f6 30. Rc5 e5 31. fxe5 fxe5 32. Nd2 Qe2 33. Rc2
Be3 34. h4 d3 35. Rb2 Bd4 36. Rb1 e4 37. b4 Bc3 38. Rb3 e3 39. Rxc3 exd2+ 40.
Rxd2 Qe1+ 41. Rd1 Qxc3+ 0-1

[Event "Challenge"]
[Site "http://www.queenalice.com/game.php?id=417456"]
[Date "2008.6.14"]
[Round "-"]
[White "Drica"]
[Black "A13TC45869"]
[Result "0-1"]
[WhiteElo "1578"]
[BlackElo "1222"]

1. e4 e5 2. Qf3 Qf6 3. Bc4 Qxf3 4. Nxf3 d6 5. d4 f6 6. dxe5 dxe5 7. O-O Bd7 8.
b3 Ne7 9. Ba3 b5 10. Bd3 Ng6 11. Bxf8 Nxf8 12. Nc3 c6 13. a4 b4 14. Na2 c5 15.
Bb5 a5 16. Bxd7+ Nfxd7 17. c3 O-O 18. cxb4 axb4 19. Nc1 Nc6 20. Rd1 Rfd8 21. Rd5
Ra6 22. Nd3 Ra5 23. Nh4 g6 24. f4 Ne7 25. Rd6 Nc8 26. Re6 Nf8 27. Rxf6 Rxd3 28.
fxe5 c4 29. bxc4 Rxe5 30. Raf1 Ne6 31. c5 Rxe4 32. Nxg6 hxg6 33. Rxg6+ Kh7 34.
Rff6 Nf4 35. Rh6+ Kg7 36. c6 Re1+ 37. Kf2 Re2+ 38. Kf1 Rd1# 0-1

[Event "Kraj´s Challenge"]
[Site "http://www.queenalice.com/game.php?id=426306"]
[Date "2008.7.2"]
[Round "-"]
[White "A13TC45869"]
[Black "Krajnicov"]
[Result "1-0"]
[WhiteElo "1306"]
[BlackElo "1454"]

1. e4 e5 2. Nf3 Qf6 3. b3 Bc5 4. Ba3 Na6 5. Bxa6 d6 6. Bb5+ c6 7. Bd3 g5 8. Bxc5
dxc5 9. a4 Qg6 10. Nxe5 Qg7 11. Nxf7 Qxf7 12. Qf3 Qg6 13. e5 Qg7 14. Qh5+ Kd7
15. Bf5+ Kc7 16. Bxc8 Rxc8 17. Nc3 Qxe5+ 18. Kf1 Ne7 19. Re1 Qf6 20. Ne4 Qf5 21.
Qxg5 Rhg8 22. Qxe7+ Kb6 23. Nd6 Qg4 24. Qxb7+ Ka5 25. b4+ Qxb4 26. Qxa7# 1-0

[Event "Challenge"]
[Site "http://www.queenalice.com/game.php?id=429612"]
[Date "2008.7.8"]
[Round "-"]
[White "cacaucopa"]
[Black "A13TC45869"]
[Result "1-0"]
[WhiteElo "1489"]
[BlackElo "1379"]

1. e4 d5 2. Nc3 e6 3. d3 c6 4. Nf3 Bb4 5. Bd2 f6 6. a3 Bc5 7. Na4 Bb6 8. e5 Bc7
9. exf6 gxf6 10. d4 Bd6 11. c3 b5 12. Nc5 Bxc5 13. dxc5 a5 14. Nh4 e5 15. Bd3
Nd7 16. b4 e4 17. Qh5+ Ke7 18. Nf5+ Kf8 19. Bh6+ Nxh6 20. Qxh6+ Ke8 21. Nd6+ 1-0

[Event "Challenge"]
[Site "http://www.queenalice.com/game.php?id=438480"]
[Date "2008.7.24"]
[Round "-"]
[White "VonBardelen"]
[Black "A13TC45869"]
[Result "0-1"]
[WhiteElo "1560"]
[BlackElo "1317"]

1. d4 d5 2. c4 dxc4 3. Nf3 f6 4. e4 b5 5. a4 c6 6. axb5 cxb5 7. b3 cxb3 8. Bxb5+
Bd7 9. Qxb3 a6 10. Bxd7+ Nxd7 11. O-O e5 12. Rd1 Rb8 13. Qa4 a5 14. dxe5 Rb4 15.
Qxa5 Qxa5 16. Rxa5 Rxb1 17. Rad5 Rb7 18. e6 Ne5 19. Nxe5 fxe5 20. Rd8+ Ke7 21.
R8d7+ Rxd7 22. exd7 Kd8 23. Be3 Bd6 24. Rxd6 Nf6 25. Bb6+ Ke7 26. d8=Q+ Rxd8 0-1

[Event "Challenge"]
[Site "http://www.queenalice.com/game.php?id=460119"]
[Date "2008.9.8"]
[Round "-"]
[White "A13TC45869"]
[Black "Deep_Sorrow_13"]
[Result "1-0"]
[WhiteElo "1357"]
[BlackElo "1886"]

1. d4 d5 2. g3 Bf5 3. Bh3 Bxh3 4. Nxh3 c5 5. Nf4 Nf6 6. dxc5 e5 7. Nd3 e4 8. Nf4
Bxc5 9. Bd2 Ng4 10. e3 Ne5 11. b4 Nf3+ 12. Kf1 Bb6 13. Bc3 Nc6 14. Qxd5 Qe7 15.
Bxg7 Rd8 16. Qb3 Rg8 17. Nd5 Qg5 18. Nf6+ Ke7 19. Nxg8+ Ke8 20. Bf6 Qf5 21. Bxd8
Ncd4 22. Qa4+ Kxd8 23. h3 Ng5 24. Nd2 Nxh3 25. Rh2 Bc7 26. Qxa7 Nc6 27. Qxb7
Bxg3 28. Nxe4 Bxh2 29. Rd1+ Ke8 30. Qxc6+ Kf8 31. Rd8+ Kg7 32. Qh6+ Kh8 33. Ne7#
1-0

[Event "Let's Play Chess!"]
[Site "http://www.queenalice.com/game.php?id=484544"]
[Date "2008.10.28"]
[Round "-"]
[White "stephancharette"]
[Black "A13TC45869"]
[Result "0-1"]
[WhiteElo "1431"]
[BlackElo "1357"]

1. e3 e5 2. g3 Nf6 3. Nf3 d6 4. Bb5+ c6 5. Ba4 b5 6. Bb3 e4 7. Ng5 Bg4 8. f3
Bxf3 9. Nxf3 exf3 10. Qxf3 Be7 11. O-O O-O 12. Nc3 d5 13. d4 a5 14. a4 b4 15.
Ne2 Bd6 16. c3 Na6 17. c4 Nc7 18. Bc2 Qe8 19. cxd5 cxd5 20. b3 Ne4 21. Bxe4 dxe4
22. Qf2 Rc8 23. Ra2 Nd5 24. Nf4 Bxf4 25. exf4 e3 26. Qe2 Nc3 27. Qxe3 Nxa2 28.
Bd2 Qxe3+ 29. Bxe3 Rc3 30. Rf3 Rxb3 31. Kg2 Re8 32. Kf2 Rc8 33. g4 Rc2+ 34. Kg3
Ra3 35. d5 b3 36. Rf2 Nc3 37. Rxc2 bxc2 38. d6 Ne4+ 0-1

[Event "Challenge"]
[Site "http://www.queenalice.com/game.php?id=485701"]
[Date "2008.10.31"]
[Round "-"]
[White "Deep_Sorrow_13"]
[Black "A13TC45869"]
[Result "0-1"]
[WhiteElo "1840"]
[BlackElo "1404"]

1. e4 e5 2. Nf3 Nc6 3. Bb5 Nge7 4. c3 a6 5. Ba4 b5 6. Bb3 a5 7. Ng5 d5 8. exd5
Nxd5 9. Qf3 Be6 10. Nxe6 fxe6 11. a4 b4 12. O-O Nd4 13. cxd4 exd4 14. Re1 Qd6
15. Bxd5 O-O-O 16. Rxe6 Qxd5 17. Qxd5 Rxd5 18. d3 Bd6 19. Nd2 Kd7 20. Re4 Re8
21. Nc4 Rxe4 22. dxe4 Rc5 23. b3 g5 24. Bb2 Be5 25. Nxe5+ Rxe5 26. Bxd4 Rxe4 27.
Rd1 g4 28. Bb6+ Kc6 29. Bxa5 Kb7 30. g3 c5 31. Rd7+ Kc6 32. Rc7+ Kd6 33. Rxh7
Re1+ 34. Kg2 Rb1 35. Bc7+ Kc6 36. Bf4 Rxb3 0-1

[Event "Let's Play Chess!"]
[Site "http://www.queenalice.com/game.php?id=492715"]
[Date "2008.11.13"]
[Round "-"]
[White "Slazenger"]
[Black "A13TC45869"]
[Result "1-0"]
[WhiteElo "1750"]
[BlackElo "1384"]

1. e4 e5 2. Nf3 d6 3. Nc3 Nf6 4. d4 Nbd7 5. dxe5 dxe5 6. Bg5 h6 7. Bxf6 Qxf6 8.
Nd5 Qc6 9. a4 Bd6 10. Bb5 Qb6 11. Nxb6 axb6 12. Bxd7+ Bxd7 13. b3 Ke7 14. O-O
Rhd8 15. Qe2 Ra5 16. c3 b5 17. axb5 Bxb5 18. c4 Rxa1 19. Rxa1 Ba6 20. Qb2 f6 21.
Rd1 c5 22. Nh4 b5 23. cxb5 Bxb5 24. Nf5+ Ke6 25. Nxd6 Rxd6 26. Rxd6+ Kxd6 27.
Qd2+ Ke7 28. Qd5 Bd7 29. Qxc5+ Kf7 30. b4 Kg6 31. b5 Bxb5 32. Qxb5 1-0

[Event " Play Chess!!!"]
[Site "http://www.queenalice.com/game.php?id=493866"]
[Date "2008.11.16"]
[Round "-"]
[White "MASB"]
[Black "A13TC45869"]
[Result "0-1"]
[WhiteElo "1420"]
[BlackElo "1382"]

1. e4 d5 2. e5 e6 3. Nf3 c5 4. Bb5+ Bd7 5. Bxd7+ Nxd7 6. c4 dxc4 7. O-O Qc7 8.
b3 Nxe5 9. Ng5 Nd3 10. Ba3 cxb3 11. Nc3 b2 0-1

[Event "Challenge"]
[Site "http://www.queenalice.com/game.php?id=504456"]
[Date "2008.12.7"]
[Round "-"]
[White "A13TC45869"]
[Black "Kingkila"]
[Result "1-0"]
[WhiteElo "1404"]
[BlackElo "1714"]

1. d4 g6 2. e4 d5 3. e5 Bg7 4. Nf3 Bg4 5. Be2 Bxf3 6. Bxf3 Nc6 7. c3 e6 8. O-O
Qh4 9. Na3 Nge7 10. g3 Qh3 11. Bg4 Qxf1+ 12. Kxf1 O-O 13. Bd2 f5 14. Bf3 a6 15.
Qc1 Rf7 16. Bh6 Raf8 17. Bxg7 Kxg7 18. Qf4 h6 19. Kg2 g5 20. Qe3 f4 21. gxf4
Rxf4 22. Bh5 Rh4 23. Qe2 Rff4 24. Nc2 Re4 25. Ne3 Nf5 26. Be8 Nce7 27. Re1 Ng6
28. Qd2 Nf4+ 29. Kh1 Nh3 30. Nxf5+ exf5 31. Rxe4 fxe4 32. Bd7 Nf4 33. c4 Rh3 34.
Bxh3 Nxh3 35. cxd5 Kf7 36. Qe3 Nf4 37. Qxe4 Ng6 38. e6+ Kf6 39. a4 b5 40. axb5
axb5 41. b4 h5 42. h3 h4 43. e7 Nxe7 44. Qe6+ Kg7 45. Qxe7+ Kg6 46. Qxc7 Kf5 47.
Qe5+ Kg6 48. d6 1-0